| 000 | 00552cam a2200205 4500 | ||
|---|---|---|---|
| 008 | 090401t1987 xxu||||| |||| 00| 0 eng d | ||
| 020 | _a0729208397 | ||
| 035 | _a(Sirsi) u7346 | ||
| 041 | _aeng | ||
| 050 | _a690.3 | ||
| 110 |
_aEconomic Development Committee for Building _950 |
||
| 245 | _aAchieving quality on building sites | ||
| 260 |
_aLondon _bNational Economic Development Office _c1987 |
||
| 300 | _aiv,62p. ; 30cm. | ||
| 350 | _a12 | ||
| 650 | _aBUILDING INDUSTRY | ||
| 650 | _aQUALITY CONTROL | ||
| 942 | _n0 | ||
| 948 | _c04/03/1997 | ||
| 999 |
_c86406 _d86406 |
||